Punk Rock Song Titles: Picture Clues (1977-81) - Statistics

General Stats
  • This quiz has been taken 88 times
  • The average score is 6 of 20
Answer Stats
Picture Hint Answer % Correct
Stranglers Peaches
75%
The Clash Tommy Gun
63%
The Buzzcocks Lipstick
53%
Sex Pistols Satellite
47%
The Ramones Pinhead
41%
Spizz Energi Where's Captain Kirk
38%
The Undertones My Perfect Cousin
37%
Wire I Am The Fly
29%
Dead Kennedys Too Drunk To Fuck
29%
Adam and the Ants Xerox
29%
Birthday Party Release The Bats
22%
The Fall Bingo Master's Breakout
20%
X Ray Spex Identity
20%
Mission Of Burma That's When I Reach For My Revolver
20%
The Damned Smash It Up
19%
Stiff Little Fingers '78 RPM
15%
Generation X King Rocker
14%
The Flys Love and a Molotov Cocktail
13%
Siouxsie and the Banshees Playground Twist
9%
The Mekons Dan Dare
5%
No matching quizzes found
Score Distribution
Percent of People with Each Score
Percentile by Number Answered
Your Score History
You have not taken this quiz